| 000 | 00547nam a22001577a 4500 | ||
|---|---|---|---|
| 999 |
_c535243 _d535243 |
||
| 020 | _qHard Cover. | ||
| 082 | _a620.1 | ||
| 100 | _aMuhammad Khalilullah. | ||
| 245 |
_aCOMPUTATIONAL FLUID DYNAMICS ANALYSIS & MODIFICATION OF SOLAR PHOTOVOLTAIC (PV) MODULES / _cMuhammad Khalilullah. |
||
| 260 |
_aIslamabad: _bPNEC NUST, _c2015. |
||
| 300 |
_a75 p. : _bill. ; _c30cm. |
||
| 942 |
_2ddc _cTHE |
||
| 650 |
_aMechanical Engineering MS-Thesis. _916090 |
||
| 700 |
_aDr. Shafique ur Rehman _929702 |
||